Niekoľko úvah ku kvalifikačnému znaku trestného činu "po dlhší čas"

Bibliographic Details
Main Authors: Gajdičiar, Vladimír (Author), Strigáčová, Dominika (Author)
Format: Article
Language:Slovak

MARC

LEADER 00000nab a2200000uu 4500
001 vtls011458720
003 SK-MaSNL
005 20260303113420.0
008 230121|2014 xo |||||||||||||||||slo|
015 |a SNBRB 
035 |a (urnnbn)urn:nbn:sk:snk:ar-a0a62p 
035 |a (uuid)6137bce6-305c-4715-bd42-6da482f17272 
035 |a urn:nbn:sk:snk-abct0n 
040 |a SNKBUCL  |b slo  |c SNKBUCL  |e AACR2 
041 0 |a slo 
044 |a xo  |c SK 
100 1 |a Gajdičiar, Vladimír  |4 aut  |9 1127086 
245 1 0 |a Niekoľko úvah ku kvalifikačnému znaku trestného činu "po dlhší čas"  |c Vladimír Gajdičiar, Dominika Strigáčová 
700 1 |a Strigáčová, Dominika  |4 aut  |9 820857 
773 0 |t Justičná revue : časopis pre právnu prax  |g Roč. 66, č. 11 (2014), s. 1381-1392 
958 |a OND 
958 |a EUIPO 
958 |a article16 
999 |c 1892458  |d 1894388